Havana Movies by Picture - Statistics

General Stats
  • This quiz has been taken 99 times
  • The average score is 5 of 16
Answer Stats
Picture Answer % Correct
Transformers: The Last Knight
72%
Die Another Day
71%
The Godfather Part II
65%
Che
58%
Mission: Impossible – Rogue Nation
58%
The Fate of the Furious
50%
Havana
22%
Dirty Dancing: Havana Nights
16%
Cuba
8%
Miami Vice
8%
Vivo
7%
The Mambo Kings
5%
Wasp Network
5%
The Mother
3%
Topaz
3%
Viva Cuba
3%
No matching quizzes found
Score Distribution
Percent of People with Each Score
Percentile by Number Answered
Your Score History
You have not taken this quiz